| 000 | 00399 a2200133 4500 | ||
|---|---|---|---|
| 003 | Nust | ||
| 005 | 20170207163620.0 | ||
| 040 | _cNust | ||
| 082 | _a799 | ||
| 245 |
_aVisit of Nigerian Delegation to MCS Photographs 2013 (Soft Copy) _cMCS |
||
| 260 |
_aRawalpindi _bMCS _c30-10-2013 |
||
| 650 | _aPictures of Visit of Nigerian Delegation to MCS Photographs 2013, (CD-NO 23,Vol-V) | ||
| 651 | _aSweet Memories-MCS | ||
| 942 | _cBK | ||
| 999 |
_c207532 _d207532 |
||